000 00780nam a22002897a 4500
001 BR0902072
003 BR-BrBNA
005 20230928102922.0
007 ta
008 230509b bl.||||| |||| 00| 0 por d
040 _aBR-BrBNA
_bpor
_cBiblioteca Nacional de Agricultura
041 _a(Por)
072 _aK10
090 _ K10 BR0902072
110 1 _aCompanhia vale do Rio Doce, Rio de Janeiro, RJ (Brasil)
_92502
245 1 _aReserva florestal de Linhares
260 3 _aRio de Janeiro, RJ (Brasil):
_c1991.
300 _a19 p.
500 _a19 illus.
650 _aFLORESTA
650 _aRESERVA FLORESTAL
650 _aPROTEÇÃO FLORESTAL
650 _aRECONHECIMENTO FLORESTAL
650 _aSERGIPE
909 _a202309
_bLucia
_c55
_dLucia Elande
942 _cBK
999 _c72978
_d72978